00798nam a2200193 a 450000100100000000500170001000800410002702000150006804000250008310000290010824501930013726000400033030000210037050000210039150400320041270000380044495201050048299900170058700004342420201002040912.0140314s2007 dr 001 0 spa d a9945000802 aDO-SdBNPbspacBNPHU1 aCiprián, Rafael91452210aDerechos sucesoriales y jurisdicción inmobiliaria :badaptado a la ley 108-05, sobre registro inmobiliario y sus reglamentos /cRafael Ciprián ; prólogo de Artagnan Pérez Méndez. aSanto Domingo :bCentenario,c2007. a371 p. ;c25 cm. aIncluye índice aBibliografía : p. 367-3711 aPérez Méndez, Altagnan971088 0010718PDaPDbPDcCTd2014-03-14iLF1l0o p43424-10r2020-06-25w2020-06-25yLFPDZNo se presta c42913d42913